[Event "Tournoi des Faugs"]
[Site "Chateau des Faugs à Boffres"]
[Date "2015.05.16"]
[Round "8.5"]
[White "Violleau, Jean-Claude"]
[Black "Biguet, Jean-Claude"]
[Result "0-1"]
[WhiteElo "1678"]
[BlackElo "1755"]
[PlyCount "88"]
[EventDate "2015.??.??"]

1. e4 c5 2. Nf3 e6 3. d4 cxd4 4. Nxd4 Nc6 5. Bb5 Qc7 6. O-O a6 7. Bxc6 bxc6 8.
c4 Nf6 9. Qe2 Qe5 10. Rd1 Qxe4 11. Qd2 Bc5 12. Qc3 Qg4 13. Qd3 O-O 14. Nc3 Bb7
15. Nf3 d5 16. cxd5 cxd5 17. h3 Qg6 18. Qf1 Rfd8 19. Ne2 Ne4 20. Ned4 Bd6 21.
a3 e5 22. Ne2 d4 23. Nd2 Ng5 24. Nc4 Nf3+ 25. Kh1 Bc7 26. gxf3 Bxf3+ 27. Kh2
e4+ 28. Ng3 Bxd1 29. Qxd1 h5 30. h4 Qf6 31. Kg2 Qxh4 32. Qxh5 Bxg3 33. Qxh4
Bxh4 34. b4 Rac8 35. Ne5 Rd5 36. Ng4 Rc2 37. Bf4 Rf5 38. Bg3 Bxg3 39. Kxg3 Rf3+
40. Kg2 f5 41. Ne5 Rfxf2+ 42. Kg3 Rg2+ 43. Kh4 d3 44. a4 d2 0-1

[Event "Tournoi des Faugs"]
[Site "Chateau des Faugs à Boffres"]
[Date "2015.05.16"]
[Round "8.4"]
[White "Visseq, Alexandre"]
[Black "Gagnepain, Laurent"]
[Result "1-0"]
[WhiteElo "1767"]
[BlackElo "1862"]
[PlyCount "123"]
[EventDate "2015.??.??"]

1. e4 c6 2. Nc3 d5 3. Qf3 dxe4 4. Nxe4 Nd7 5. d4 Ndf6 6. Ne2 Nxe4 7. Qxe4 Qd5
8. Qxd5 cxd5 9. Nc3 e6 10. Nb5 Bb4+ 11. c3 Ba5 12. Bf4 a6 13. Nc7+ Bxc7 14.
Bxc7 Nf6 15. Bd6 Ne4 16. Ba3 b5 17. Bd3 Nf6 18. O-O Bb7 19. Rfe1 Kd7 20. Re3
Ne8 21. Rae1 Nd6 22. Rf3 f6 23. Rfe3 Rae8 24. b3 Bc8 25. Bxd6 Kxd6 26. c4 bxc4
27. bxc4 dxc4 28. Bxc4 Bd7 29. Bxa6 Ra8 30. Bc4 Ra4 31. Bxe6 Bxe6 32. Rxe6+ Kd5
33. Re7 Rxa2 34. Rxg7 Kxd4 35. Rd7+ Kc5 36. Rc1+ Kb6 37. Rd6+ Kb5 38. Rxf6 h5
39. Rfc6 Ra1 40. g3 Rxc1+ 41. Rxc1 Rd8 42. Kg2 Rd2 43. h4 Rd3 44. Re1 Rd5 45.
Re4 Kc6 46. g4 hxg4 47. Rxg4 Kd7 48. Re4 Rf5 49. Kg3 Kd6 50. f4 Kd5 51. Re8 Kd6
52. Kg4 Ra5 53. h5 Kd7 54. Re3 Ra8 55. Re4 Rg8+ 56. Kf5 Kd6 57. Re6+ Kd7 58.
Rg6 Rh8 59. Rg7+ Ke8 60. Kg6 Kf8 61. Ra7 Rg8+ 62. Kf6 1-0

[Event "Tournoi des Faugs"]
[Site "Chateau des Faugs à Boffres"]
[Date "2015.05.17"]
[Round "9.1"]
[White "Tilquin, Jean-Pierre"]
[Black "Kassis, Antoine"]
[Result "0-1"]
[WhiteElo "1934"]
[BlackElo "2178"]
[PlyCount "64"]
[EventDate "2015.??.??"]

1. d4 Nf6 2. c4 c5 3. d5 e6 4. Nc3 exd5 5. cxd5 d6 6. e4 g6 7. Bd3 Bg7 8. Nge2
O-O 9. h3 Re8 10. O-O Na6 11. Ng3 Nc7 12. Re1 Rb8 13. a4 a6 14. Rb1 b5 15. axb5
axb5 16. b4 Nd7 17. Qc2 Qh4 18. Be3 cxb4 19. Na2 Na6 20. Nxb4 Nxb4 21. Rxb4 Ne5
22. Rxb5 Bxh3 23. Reb1 Rbc8 24. Qd2 h6 25. Be2 Bd7 26. Rb6 Bf8 27. Nf1 Qxe4 28.
R1b4 Qc2 29. Rb7 Qxd2 30. Nxd2 Bf5 31. g4 Bd3 32. Bd1 Rc1 0-1

[Event "Tournoi des Faugs"]
[Site "Chateau des Faugs à Boffres"]
[Date "2015.05.17"]
[Round "9.2"]
[White "Tempestini, Marc"]
[Black "Gattuso, Christophe"]
[Result "0-1"]
[WhiteElo "1790"]
[BlackElo "1859"]
[PlyCount "82"]
[EventDate "2015.??.??"]

1. e4 c5 2. Nc3 Nc6 3. g3 g6 4. Bg2 Bg7 5. d3 d6 6. f4 e6 7. Nf3 Nge7 8. O-O
O-O 9. Be3 Nd4 10. Qd2 Rb8 11. Rae1 b5 12. Nd1 b4 13. c3 bxc3 14. bxc3 Nxf3+
15. Bxf3 Qa5 16. e5 dxe5 17. fxe5 Bb7 18. Bg5 Qc7 19. Bf6 Rbd8 20. Be4 Rd7 21.
Bxg7 Kxg7 22. Qg5 Ng8 23. Nf2 Qd8 24. Qe3 Ba6 25. c4 Qc7 26. Ng4 h5 27. Nf6
Nxf6 28. exf6+ Kh7 29. Qg5 Rh8 30. Rf4 Qd6 31. Qxh5+ Kg8 32. Qg5 Qd4+ 33. Kg2
Qb2+ 34. Kf3 Bb7 35. Rh4 Rxd3+ 36. Kg4 Rxh4+ 37. Qxh4 Bxe4 38. Rxe4 Rd4 39. Kg5
Rxe4 40. Qxe4 Qxh2 41. g4 Kh7 0-1

[Event "Tournoi des Faugs"]
[Site "Chateau des Faugs à Boffres"]
[Date "2015.05.17"]
[Round "9.3"]
[White "Devaux, Nicolas"]
[Black "Visseq, Alexandre"]
[Result "0-1"]
[WhiteElo "1859"]
[BlackElo "1767"]
[PlyCount "30"]
[EventDate "2015.??.??"]

1. d4 Nf6 2. Nf3 d6 3. c4 Bf5 4. Nc3 h6 5. Bf4 Nbd7 6. h3 g5 7. Bh2 c6 8. e3
Qa5 9. Qd2 e5 10. dxe5 dxe5 11. O-O-O Bb4 12. Bd3 Bxc3 13. Qxc3 Qxc3+ 14. bxc3
Bxd3 15. Rxd3 e4 0-1

[Event "Tournoi des Faugs"]
[Site "Chateau des Faugs à Boffres"]
[Date "2015.05.17"]
[Round "9.4"]
[White "Biguet, Jean-Claude"]
[Black "Berges, Laurent"]
[Result "1-0"]
[WhiteElo "1755"]
[BlackElo "1549"]
[PlyCount "77"]
[EventDate "2015.??.??"]

1. d4 Nf6 2. c4 g6 3. f3 d5 4. cxd5 Nxd5 5. e4 Nb6 6. Nc3 e6 7. Be3 Bg7 8. Qd2
O-O 9. h4 Qe7 10. Bh6 Rd8 11. Bxg7 Kxg7 12. O-O-O c5 13. d5 exd5 14. exd5 Na6
15. Nh3 Bxh3 16. Rxh3 Qe5 17. g4 Nb4 18. d6 Rac8 19. a3 Nc6 20. f4 Qe6 21. f5
Qb3 22. fxg6 Nd4 23. gxf7 Qxf7 24. Qg5+ Kh8 25. Ne4 Rg8 26. Qe5+ Rg7 27. Bg2
Qc4+ 28. Nc3 Na4 29. Bd5 Qa6 30. d7 Rf8 31. Qe8 Qf6 32. Rhh1 Qf4+ 33. Kb1 Nxc3+
34. bxc3 Ne2 35. Rhf1 Nxc3+ 36. Kc2 Qa4+ 37. Kxc3 Qxa3+ 38. Kc2 Qa4+ 39. Bb3
1-0

[Event "Tournoi des Faugs"]
[Site "Chateau des Faugs à Boffres"]
[Date "2015.05.17"]
[Round "9.5"]
[White "Gagnepain, Laurent"]
[Black "Violleau, Jean-Claude"]
[Result "1-0"]
[WhiteElo "1862"]
[BlackElo "1678"]
[PlyCount "73"]
[EventDate "2015.??.??"]

1. d4 Nf6 2. Nf3 g6 3. g3 Bg7 4. Bg2 O-O 5. O-O d5 6. c4 dxc4 7. Na3 c6 8. Nxc4
Be6 9. b3 Bd5 10. Bb2 Nbd7 11. Re1 Qc7 12. Ncd2 Ne4 13. Qc2 Ndf6 14. Nc4 Bh6
15. Bc1 Bg7 16. Ne3 Rac8 17. Bh3 e6 18. Ba3 Rfd8 19. Rac1 Qb8 20. Red1 Bf8 21.
Qb2 Nh5 22. Ne5 Bg7 23. f3 Ng5 24. Bg2 f6 25. Nd3 Nxg3 26. hxg3 Qxg3 27. Nf1
Qh4 28. e4 f5 29. Qf2 Bxd4 30. Qxd4 Bxe4 31. Qf2 Nh3+ 32. Bxh3 Qxh3 33. fxe4
Rxd3 34. Rxd3 Qxd3 35. Qe3 Qd8 36. Bb2 Qh4 37. exf5 1-0

[Event "Tournoi des Faugs"]
[Site "Chateau des Faugs à Boffres"]
[Date "2015.05.08"]
[Round "1.2"]
[White "Tempestini, Marc"]
[Black "Tilquin, Jean-Pierre"]
[Result "0-1"]
[WhiteElo "1790"]
[BlackElo "1934"]
[PlyCount "126"]
[EventDate "2015.??.??"]

1. e4 e5 2. Nf3 Nc6 3. Bb5 Bc5 4. O-O Nd4 5. Nxd4 Bxd4 6. c3 Bb6 7. d4 c6 8.
Bc4 d6 9. Na3 Nf6 10. Bg5 h6 11. Bh4 Qe7 12. Kh1 g5 13. Bg3 h5 14. f3 h4 15.
Bf2 Nh5 16. Kg1 Bd7 17. Qb3 Nf4 18. dxe5 dxe5 19. Bxb6 axb6 20. Qxb6 O-O 21.
Rad1 Bc8 22. Rf2 g4 23. fxg4 Bxg4 24. Rdf1 Rad8 25. Qe3 b5 26. Bb3 Rd3 27. Qe1
Qg5 28. Kh1 Bh5 29. Bc2 Rf3 30. Rg1 Rxf2 31. Qxf2 Ne6 32. Qf5 Bg6 33. Qxg5 Nxg5
34. g3 h3 35. Re1 Rd8 36. Nb1 Bxe4+ 37. Bxe4 Nxe4 38. Kg1 f5 39. g4 fxg4 40.
Rxe4 Rd1+ 41. Kf2 Rxb1 42. Rxg4+ Kf7 43. Rb4 Rd1 44. Kg3 Rd3+ 45. Kh4 Ke6 46.
a4 bxa4 47. Rxa4 Kd5 48. Kg4 e4 49. Ra5+ c5 50. Rb5 Rf3 51. Rb8 Rf6 52. b3 Rf3
53. Rd8+ Kc6 54. Rc8+ Kd6 55. b4 Rxc3 56. bxc5+ Rxc5 57. Re8 Re5 58. Rd8+ Kc5
59. Rd2 e3 60. Re2 Kd4 61. Kf4 Re8 62. Kg3 Kd3 63. Ra2 e2 0-1

[Event "Tournoi des Faugs"]
[Site "Chateau des Faugs à Boffres"]
[Date "2015.05.09"]
[Round "2.1"]
[White "Gattuso, Christophe"]
[Black "Tilquin, Jean-Pierre"]
[Result "0-1"]
[WhiteElo "1859"]
[BlackElo "1934"]
[PlyCount "104"]
[EventDate "2015.??.??"]

1. e4 e5 2. Nf3 Nc6 3. Bc4 Bc5 4. c3 Nf6 5. b4 Bb6 6. d3 d6 7. Nbd2 O-O 8. O-O
Ne7 9. Bb3 c6 10. Nc4 Bc7 11. Bg5 Ng6 12. Ne3 h6 13. Bxf6 Qxf6 14. Qc2 Nf4 15.
Ne1 Be6 16. Bxe6 Qxe6 17. g3 Ng6 18. N1g2 Ne7 19. c4 f5 20. exf5 Nxf5 21. Nxf5
Qxf5 22. Rae1 Rae8 23. Re2 Re6 24. a4 a5 25. b5 Bb6 26. Ne3 Qg6 27. Nd1 Rf3 28.
Ne3 Ref6 29. Kg2 h5 30. bxc6 bxc6 31. Qd2 h4 32. Rb1 Bc5 33. Rb3 hxg3 34. hxg3
Qh5 35. Rb8+ Kh7 36. d4 Bxd4 37. Qd3+ Qg6 38. Qxg6+ Kxg6 39. Ng4 Rf8 40. Rb7
Rc3 41. Rd7 Bc5 42. Rc7 Re8 43. Rb2 Rxc4 44. Rbb7 Rg8 45. Rxc6 Rxg4 46. Rb5 Rc4
47. Ra6 Rf8 48. Raxa5 Rxf2+ 49. Kh3 Rcc2 50. Rb7 Rh2+ 51. Kg4 Rc4+ 52. Kf3 Rf2#
0-1

[Event "Tournoi des Faugs"]
[Site "Chateau des Faugs à Boffres"]
[Date "2015.05.09"]
[Round "2.2"]
[White "Gagnepain, Laurent"]
[Black "Kassis, Antoine"]
[Result "0-1"]
[WhiteElo "1862"]
[BlackElo "2178"]
[PlyCount "106"]
[EventDate "2015.??.??"]

1. d4 Nf6 2. Nf3 d5 3. c4 e6 4. cxd5 exd5 5. Bg5 c6 6. Qc2 h6 7. Bh4 Qa5+ 8.
Nc3 Ne4 9. Nd2 Nxd2 10. Qxd2 Bb4 11. e3 Bf5 12. Bd3 Bxd3 13. Qxd3 Nd7 14. O-O
Bxc3 15. Qxc3 Qxc3 16. bxc3 O-O 17. Rfc1 b5 18. h3 Rfe8 19. Bg3 Nb6 20. Bd6 Re6
21. Bh2 Rae8 22. Bc7 Na4 23. Kf1 Nb2 24. Kg1 R8e7 25. Bd8 Rd7 26. Bh4 Rb7 27.
Rab1 Nc4 28. Bg3 Rb6 29. Ra1 Ra6 30. Rc2 Ra3 31. Rb1 Re7 32. Re1 f5 33. Rb1 Rb7
34. Re1 g5 35. f3 Re7 36. Bf2 h5 37. Kh2 h4 38. Kg1 Kf7 39. Kf1 Kg6 40. f4 g4
41. Ree2 g3 42. Bg1 Nd6 43. Re1 Ne4 44. Rec1 Rb7 45. Ke2 Rb6 46. Kd1 Rba6 47.
Ke1 Rxa2 48. Kd1 Kf7 49. Rb1 R6a3 50. Rbc1 a5 51. Rxa2 Rxa2 52. Rc2 Ra1+ 53.
Rc1 Nxc3+ 0-1

[Event "Tournoi des Faugs"]
[Site "Chateau des Faugs à Boffres"]
[Date "2015.05.09"]
[Round "2.3"]
[White "Visseq, Alexandre"]
[Black "Violleau, Jean-Claude"]
[Result "1-0"]
[WhiteElo "1767"]
[BlackElo "1678"]
[PlyCount "53"]
[EventDate "2015.??.??"]

1. e4 c5 2. Nc3 Nc6 3. f4 d6 4. Nf3 Bg4 5. Bb5 e6 6. Bxc6+ bxc6 7. O-O Nf6 8.
d3 Be7 9. Qe1 Bxf3 10. Rxf3 g6 11. Bd2 Ng4 12. Ne2 h5 13. Ba5 Qd7 14. Bc3 Bf6
15. h3 Bd4+ 16. Nxd4 cxd4 17. Bxd4 e5 18. Bc3 Nh6 19. fxe5 O-O 20. Qe3 Kh7 21.
exd6 Qxd6 22. Rf6 Qd7 23. Qf4 Rad8 24. Rf1 a5 25. Bd2 Ng8 26. Rxf7+ Rxf7 27.
Qxf7+ 1-0

[Event "Tournoi des Faugs"]
[Site "Chateau des Faugs à Boffres"]
[Date "2015.05.09"]
[Round "2.4"]
[White "Devaux, Nicolas"]
[Black "Berges, Laurent"]
[Result "1/2-1/2"]
[WhiteElo "1859"]
[BlackElo "1549"]
[PlyCount "82"]
[EventDate "2015.??.??"]

1. d4 Nf6 2. Nf3 d6 3. c4 Bg4 4. Nc3 e6 5. Bg5 Be7 6. e3 Nbd7 7. Be2 O-O 8. O-O
c5 9. h3 Bh5 10. Rc1 a6 11. a3 Bg6 12. b4 b6 13. Qb3 Rb8 14. Rfd1 Qc7 15. Nh4
Kh8 16. Nxg6+ fxg6 17. Bf3 Ng8 18. Bf4 g5 19. Bg3 Nh6 20. Ne4 Nf5 21. Bh2 Rf7
22. dxc5 bxc5 23. Rd2 Ne5 24. Bg4 Qc6 25. Bxe5 Qxe4 26. Bxf5 Qxe5 27. Bg4 Qf6
28. b5 axb5 29. cxb5 d5 30. a4 Bd6 31. a5 Qe5 32. g3 c4 33. Qa4 Bc5 34. Re2 Qe4
35. Rf1 g6 36. b6 h5 37. Qc6 hxg4 38. Qxc5 Qf3 39. Qd4+ Kg8 40. Qxg4 Qf6 41.
Rb1 Qf5 1/2-1/2

[Event "Tournoi des Faugs"]
[Site "Chateau des Faugs à Boffres"]
[Date "2015.05.09"]
[Round "2.5"]
[White "Biguet, Jean-Claude"]
[Black "Tempestini, Marc"]
[Result "0-1"]
[WhiteElo "1755"]
[BlackElo "1790"]
[PlyCount "70"]
[EventDate "2015.??.??"]

1. d4 Nf6 2. c4 e5 3. dxe5 Ng4 4. Bf4 Nc6 5. Nf3 Bb4+ 6. Nbd2 Qe7 7. e3 Ngxe5
8. Nxe5 Nxe5 9. Be2 d6 10. Bxe5 dxe5 11. O-O O-O 12. Nf3 e4 13. Nd4 c5 14. Nb3
Rd8 15. Qc2 a5 16. a3 a4 17. axb4 axb3 18. Qxb3 Rxa1 19. Rxa1 cxb4 20. Kf1 Be6
21. Ra4 Qd6 22. Qxb4 Qxh2 23. f3 Bd7 24. Ra7 Bc6 25. Qa5 Qh1+ 26. Kf2 Qh4+ 27.
Kg1 exf3 28. Ra8 f2+ 29. Kf1 Qh1+ 30. Kxf2 Qxg2+ 31. Ke1 Qg1+ 32. Bf1 Qxe3+ 33.
Be2 Qg3+ 34. Kf1 Bg2+ 35. Kg1 Bh3+ 0-1

[Event "Tournoi des Faugs"]
[Site "Chateau des Faugs à Boffres"]
[Date "2015.05.08"]
[Round "3.1"]
[White "Kassis, Antoine"]
[Black "Devaux, Nicolas"]
[Result "1-0"]
[WhiteElo "2178"]
[BlackElo "1859"]
[PlyCount "75"]
[EventDate "2015.??.??"]

1. d4 d5 2. c4 e6 3. Nc3 Nf6 4. cxd5 exd5 5. Bg5 Be7 6. e3 c6 7. Bd3 O-O 8. Qc2
Nbd7 9. Nge2 Re8 10. O-O Nf8 11. f3 Ng6 12. Rae1 Be6 13. Ng3 Rc8 14. f4 Bd7 15.
f5 Nf8 16. Bxf6 Bxf6 17. Qf2 h6 18. Nh5 Nh7 19. e4 Bh4 20. Ng3 dxe4 21. Ncxe4
Qc7 22. Qf3 Qb6 23. Qf2 Qc7 24. Kh1 Rcd8 25. Re3 Bc8 26. Rf3 Qd7 27. f6 g6 28.
Nc5 Qxd4 29. Qc2 Bxg3 30. Bxg6 Bc7 31. Bxh7+ Kh8 32. Bf5 Qd2 33. Qc4 Rg8 34.
R3f2 Bxf5 35. Rxd2 Rxd2 36. Qh4 Kh7 37. g3 Rg4 38. Qh5 1-0

[Event "Tournoi des Faugs"]
[Site "Chateau des Faugs à Boffres"]
[Date "2015.05.10"]
[Round "3.2"]
[White "Tilquin, Jean-Pierre"]
[Black "Biguet, Jean-Claude"]
[Result "1-0"]
[WhiteElo "1934"]
[BlackElo "1755"]
[PlyCount "41"]
[EventDate "2015.??.??"]

1. c4 c5 2. Nc3 e6 3. Nf3 Nf6 4. g3 b6 5. Bg2 Bb7 6. O-O Be7 7. d4 cxd4 8. Nxd4
Bxg2 9. Kxg2 O-O 10. b3 a6 11. e4 Qc7 12. Bb2 d6 13. Rc1 Nbd7 14. Qe2 Rac8 15.
f3 Rfe8 16. Qf2 Qb7 17. Rfd1 d5 18. cxd5 exd5 19. exd5 Nxd5 20. Nf5 Bc5 21.
Nxd5 1-0

[Event "Tournoi des Faugs"]
[Site "Chateau des Faugs à Boffres"]
[Date "2015.05.10"]
[Round "3.3"]
[White "Violleau, Jean-Claude"]
[Black "Gattuso, Christophe"]
[Result "0-1"]
[WhiteElo "1678"]
[BlackElo "1859"]
[PlyCount "128"]
[EventDate "2015.??.??"]

1. e4 c5 2. Nf3 Nc6 3. d4 cxd4 4. Nxd4 Nf6 5. Nc3 e5 6. Nf3 Bb4 7. Bd3 d5 8.
exd5 Nxd5 9. Be4 Be6 10. Bd2 Bxc3 11. Bxc3 Nxc3 12. Bxc6+ bxc6 13. Qxd8+ Rxd8
14. bxc3 f6 15. O-O Ke7 16. Rab1 Rd7 17. a3 Rhd8 18. h3 Bd5 19. Nh2 Be4 20.
Rfc1 Rd2 21. Rb2 Rd1+ 22. Rxd1 Rxd1+ 23. Nf1 Kd6 24. f3 Bg6 25. Kf2 Kc7 26. Ne3
Ra1 27. Rb3 Ra2 28. g3 Bxc2 29. Nxc2 Rxc2+ 30. Ke3 f5 31. g4 f4+ 32. Ke4 Re2+
33. Kf5 Re3 34. g5 Rxf3 35. Kxe5 Rxh3 36. Kxf4 a5 37. a4 Rh4+ 38. Kf5 Rxa4 39.
g6 hxg6+ 40. Kxg6 Rg4+ 41. Kf5 Rg1 42. Kf4 Rc1 43. Ra3 Kb6 44. Kg5 Rg1+ 45. Kf4
Rb1 46. Ke4 Rb5 47. c4 Rb4 48. Kd4 Rb1 49. Rg3 Rd1+ 50. Kc3 Rd7 51. Rg5 Rb7 52.
Rg1 Ka6 53. Rg6 Kb6 54. Rg1 Ra7 55. Kd4 a4 56. c5+ Kb5 57. Rb1+ Ka5 58. Ke5 Rd7
59. Kf5 a3 60. Rb8 Rd5+ 61. Kg6 Rxc5 62. Kxg7 Rb5 63. Re8 Ka4 64. Re6 a2 0-1

[Event "Tournoi des Faugs"]
[Site "Chateau des Faugs à Boffres"]
[Date "2015.05.10"]
[Round "3.4"]
[White "Berges, Laurent"]
[Black "Visseq, Alexandre"]
[Result "1-0"]
[WhiteElo "1549"]
[BlackElo "1767"]
[PlyCount "91"]
[EventDate "2015.??.??"]

1. Nf3 Nf6 2. g3 c6 3. Bg2 d6 4. O-O e5 5. d3 Be7 6. c3 O-O 7. Nbd2 Nbd7 8. Qa4
Nc5 9. Qc2 h6 10. b4 Ne6 11. Nc4 Nc7 12. e4 Nh7 13. d4 exd4 14. cxd4 d5 15.
Ncd2 Bxb4 16. e5 Be6 17. Nh4 Qd7 18. f4 Bg4 19. Ndf3 Bxf3 20. Bxf3 Be7 21. Nf5
Ne6 22. Be3 Rfe8 23. Bg4 Bf8 24. Nh4 Qd8 25. Bf5 g6 26. Bd3 Bg7 27. f5 Nef8 28.
fxg6 fxg6 29. Nxg6 Ne6 30. Nh4 Nhf8 31. Nf5 Ng5 32. Nd6 Re7 33. Rf5 Nge6 34.
Raf1 Qd7 35. Rh5 c5 36. Nf5 c4 37. Nxe7+ Qxe7 38. Bf5 Ng5 39. Bxg5 hxg5 40.
Bh7+ Kh8 41. Bf5+ Bh6 42. Rxh6+ Kg7 43. Rf6 Qa3 44. Qd2 Nh7 45. Bxh7 Kxh7 46.
Qxg5 1-0

[Event "Tournoi des Faugs"]
[Site "Chateau des Faugs à Boffres"]
[Date "2015.05.10"]
[Round "3.5"]
[White "Tempestini, Marc"]
[Black "Gagnepain, Laurent"]
[Result "0-1"]
[WhiteElo "1790"]
[BlackElo "1862"]
[Annotator "Cyp"]
[PlyCount "128"]
[EventDate "2015.??.??"]

1. e4 {[%emt 0:00:00]} c6 2. d4 d5 3. Nc3 dxe4 4. Nxe4 Bf5 5. Ng3 Bg6 6. Nf3
Nd7 7. h4 h6 8. h5 Bh7 9. Bd3 Bxd3 10. Qxd3 e6 11. Bf4 Qa5+ 12. Bd2 Bb4 13. c3
Be7 14. Bf4 Ngf6 15. Ne5 Nd5 16. Qf3 Nxf4 17. Qxf4 Nxe5 18. dxe5 Bg5 19. Qe4
O-O-O 20. O-O Rd2 21. b4 Qb6 22. a4 Rhd8 23. Qc4 Be7 24. Ne4 R2d5 25. a5 Qb5
26. Qxb5 Rxb5 27. f4 Rbd5 28. Rf3 a6 29. Kf1 Rd3 30. Rxd3 Rxd3 31. Ke2 Rd5 32.
Rc1 f5 33. Nd2 Rd7 34. Nc4 Kc7 35. Nb6 Rd8 36. Rb1 Bh4 37. Ke3 Be7 38. c4 c5
39. b5 Rd4 40. bxa6 bxa6 41. g3 Kc6 42. Nc8 Bd8 43. Nd6 Bc7 44. Ne8 Bxa5 45.
Nxg7 Bb4 46. Nxe6 Rd7 47. Nf8 Rd8 48. Ng6 Rd7 49. e6 Rd8 50. e7 Re8 51. Rd1 Kc7
52. Rd5 a5 53. Rxf5 a4 54. Rd5 a3 55. Rd1 Bc3 56. Kd3 Bd4 57. Kc2 a2 58. Rxd4
a1=Q 59. Rd5 Qa4+ 60. Kd3 Qb3+ 61. Kd2 Qxc4 62. Rd7+ Kc8 63. Ne5 Qe6 64. Ra7
Rxe7 0-1

[Event "Tournoi des Faugs"]
[Site "Chateau des Faugs à Boffres"]
[Date "2015.05.11"]
[Round "4.1"]
[White "Gagnepain, Laurent"]
[Black "Tilquin, Jean-Pierre"]
[Result "0-1"]
[WhiteElo "1862"]
[BlackElo "1934"]
[PlyCount "52"]
[EventDate "2015.??.??"]

1. f4 d5 2. Nf3 c5 3. d3 Nc6 4. g3 e6 5. Bg2 Nf6 6. O-O Bd6 7. Nc3 d4 8. Nb5
Be7 9. e4 a6 10. Na3 b5 11. h3 Qc7 12. g4 Bb7 13. Qe2 Nd7 14. Nb1 Nb6 15. Bd2
c4 16. dxc4 Bc5 17. Kh1 Nxc4 18. a4 O-O 19. axb5 axb5 20. Rxa8 Rxa8 21. b3 Nxd2
22. Nbxd2 Nb4 23. Nb1 h6 24. Qxb5 Ba6 25. Qa4 Qb7 26. Qa5 Bb5 0-1

[Event "Tournoi des Faugs"]
[Site "Chateau des Faugs à Boffres"]
[Date "2015.05.11"]
[Round "4.2"]
[White "Visseq, Alexandre"]
[Black "Kassis, Antoine"]
[Result "0-1"]
[WhiteElo "1767"]
[BlackElo "2178"]
[PlyCount "80"]
[EventDate "2015.??.??"]

1. e4 e5 2. Bc4 Nf6 3. d4 exd4 4. Nf3 Nc6 5. e5 d5 6. Bb5 Nd7 7. O-O Be7 8. Re1
O-O 9. Bxc6 bxc6 10. Nxd4 Nb8 11. e6 c5 12. exf7+ Rxf7 13. Ne6 Bxe6 14. Rxe6
Qd7 15. Qe2 Nc6 16. c3 Raf8 17. f3 Nd8 18. Re5 Bf6 19. Rh5 g6 20. Rh3 Re7 21.
Qd1 Rfe8 22. Bd2 Qb5 23. Qc1 c4 24. f4 Qb6+ 25. Kf1 Nb7 26. Na3 Nc5 27. Be3 Qc6
28. Bxc5 Qxc5 29. Nc2 Re2 30. Rf3 Qe7 31. f5 Bg5 32. f6 Bxf6 33. Qf4 Rxc2 34.
Rf2 Rxf2+ 35. Qxf2 Bh4 36. Qd2 c6 37. g3 Bg5 38. Qc2 Qe3 39. h4 Qxg3 40. hxg5
Rf8+ 0-1

[Event "Tournoi des Faugs"]
[Site "Chateau des Faugs à Boffres"]
[Date "2015.05.11"]
[Round "4.3"]
[White "Violleau, Jean-Claude"]
[Black "Berges, Laurent"]
[Result "1-0"]
[WhiteElo "1678"]
[BlackElo "1549"]
[PlyCount "75"]
[EventDate "2015.??.??"]

1. e4 c5 2. Nf3 d6 3. d4 cxd4 4. Nxd4 g6 5. Bc4 Nf6 6. Nc3 a6 7. a4 Qc7 8. Bb3
Bg7 9. O-O O-O 10. Bg5 e6 11. Qd2 Nc6 12. Nxc6 bxc6 13. Bh6 Bb7 14. Bxg7 Kxg7
15. Rfe1 Rad8 16. Re3 c5 17. Rh3 h5 18. Qe2 Rh8 19. Rd1 Ng4 20. Rg3 Ne5 21. f4
Nc6 22. Qe3 Nd4 23. Ne2 Nxb3 24. cxb3 d5 25. Qc3+ Kh7 26. f5 e5 27. exd5 Bxd5
28. fxg6+ fxg6 29. b4 c4 30. Rgd3 Qb6+ 31. Re3 Rhe8 32. h3 Qf6 33. Rf1 Qg5 34.
Rg3 Qh4 35. Kh2 Bb7 36. Rf7+ Kh6 37. Qe3+ g5 38. Qb6+ 1-0

[Event "Tournoi des Faugs"]
[Site "Chateau des Faugs à Boffres"]
[Date "2015.05.11"]
[Round "4.4"]
[White "Gattuso, Christophe"]
[Black "Biguet, Jean-Claude"]
[Result "1-0"]
[WhiteElo "1859"]
[BlackElo "1755"]
[PlyCount "87"]
[EventDate "2015.??.??"]

1. e4 c5 2. Nf3 e6 3. d4 cxd4 4. Nxd4 Nc6 5. Nc3 a6 6. Be3 Qc7 7. Bd3 Nf6 8. h3
Bc5 9. Nf5 Bxe3 10. Nxe3 O-O 11. O-O Ne7 12. Qf3 b6 13. e5 Bb7 14. Qg3 Nfd5 15.
Ne4 Nxe3 16. Nf6+ Kh8 17. Qh4 h6 18. fxe3 Qxe5 19. Nh7 Qd5 20. Rf2 Nf5 21. Bxf5
exf5 22. Nxf8 Rxf8 23. Qf4 Re8 24. Qxf5 Qc6 25. Rd1 Re6 26. e4 Rf6 27. Qxd7
Qxe4 28. Qd2 Rxf2 29. Qxf2 f5 30. Re1 Qc6 31. Re2 Qd7 32. Rd2 Qc8 33. Qd4 Kh7
34. Qe5 Be4 35. c3 Qc6 36. Qd4 Qg6 37. Qd6 Qg5 38. Qd4 Qh4 39. Qf2 Qf6 40. Rd4
Qg5 41. Kh2 Qg6 42. Qg3 Qc6 43. Rd6 Qb5 44. Qg6+ 1-0

[Event "Tournoi des Faugs"]
[Site "Chateau des Faugs à Boffres"]
[Date "2015.05.11"]
[Round "4.5"]
[White "Devaux, Nicolas"]
[Black "Tempestini, Marc"]
[Result "1-0"]
[WhiteElo "1859"]
[BlackElo "1790"]
[Annotator "Cyp"]
[PlyCount "121"]
[EventDate "2015.??.??"]

1. d4 Nf6 2. Nf3 c5 3. d5 b5 4. b3 g6 5. Bb2 Bg7 6. Nbd2 O-O 7. e4 Qa5 8. Bd3
c4 9. bxc4 bxc4 10. Bxc4 Nxe4 11. Bxg7 Kxg7 12. Qe2 Nxd2 13. Nxd2 Ba6 14. O-O
Bxc4 15. Nxc4 Qxd5 16. Rfd1 Qc5 17. Qe4 Nc6 18. Rxd7 Rfd8 19. Rc7 Qd4 20. Qxd4+
Nxd4 21. Rxe7 Nxc2 22. Rf1 Kf6 23. Rb7 Nd4 24. h3 Ne2+ 25. Kh2 h5 26. Re1 Nd4
27. Ree7 (27. Ne5 Rf8 (27... Re8 28. Rxf7+) 28. Nd7+) 27... Rf8 28. Nd6 Nc6 29.
Rec7 Nd8 30. Rxa7 Rxa7 31. Rxa7 Ke5 32. Nc4+ Kd4 33. Ne3 Nc6 34. Rc7 Ne5 35.
Nc2+ Kd5 36. Kg3 Ra8 37. f4 Nd3 38. Rxf7 Nc1 (38... Rxa2 39. Rd7+ Ke4 (39...
Ke6 40. Rxd3 Rxc2) 40. Rxd3 Rxc2) 39. a3 Ke6 40. Rc7 Nd3 41. Kf3 Ra4 42. g3 h4
43. Rc3 Nb2 44. gxh4 Nc4 45. Kg4 Kf6 46. h5 Ne5+ 47. Kg3 Nc4 48. h6 Nd2 49. Rc7
Ra5 50. h7 Rh5 51. Nd4 Ne4+ 52. Kg2 Nd6 53. Nf3 Nf7 54. Rxf7+ (54. Ne5) 54...
Kxf7 55. Ng5+ Ke7 56. Kf3 Kd7 57. Ke4 Kc6 58. Ke5 Rh4 59. Kf6 Rxf4+ 60. Kg7 Ra4
61. h8=Q 1-0